000 00642nam a22002412a 4500
999 _c3626
_d3626
001 3626
003 BD-JhCC
005 20171115182108.0
008 500101b wiuac j 000 1 eng d
035 _a(BDJhCC)3626
040 _aDLC
_cTXA
_dTXA
_dBD-JhCC
041 _aeng
050 0 _aPZ7.A335
_bL40
082 _a813.4
_bALC 1940
100 1 _aAlcott, Louisa May
_d1832-1888.
245 1 0 _aLittle men /
_cLouisa May Alcott
260 _aRacine, Wis :
_bWhitman Publishing Co,
300 _a282 p. :
_bill. ;
_c19 cm.
500 _aIllustrated t.-p. and lining-papers
650 _aEnglish Fiction
942 _2ddc
_cBK